Organization, rationality and spontaneity in the civil rights movement /

में बचाया:
ग्रंथसूची विवरण
मुख्य लेखक: Killian, Lewis M.
स्वरूप: मूलपाठ
टैग: टैग जोड़ें
कोई टैग नहीं, इस रिकॉर्ड को टैग करने वाले पहले व्यक्ति बनें!

MARC

LEADER 00000 a a2200000 04500
001 43767
003
040
100 |a Killian, Lewis M.  
245 |a Organization, rationality and spontaneity in the civil rights movement /  |c Lewis M. Killian  
773 |g páginas 209-225  
999 |c 25952  |d 25952